000 00398nam a22001697a 4500
001 1936
005 20260410083355.0
008 260410b |||||||| |||| 00| 0 eng d
020 _a9788120345678
040 _csandhya
100 _asharma,ramesh
245 _alibrary science basic
250 _a2nd ed.
260 _adelhi
_bxyz publication
_c2023
300 _a250p.
_b22cm
942 _2ddc
_cBK
_n0
999 _c1936
_d1936